Estadísticas para Factores de 100

Haz click aquí para tomar la prueba!

Estadísticas generales

  • Esta prueba ha sido tomada 32 veces
  • La puntuación promedio es 9 de 9

Estadísticas de respuestas

Respuestas% Correcto
1
100%
10
100%
2
100%
20
100%
4
100%
5
100%
25
97%
50
97%
100
90%

Distribución de puntuación

Porcentaje por número respondido

Porcentaje de gente con cada puntuación

Historial de tus puntuaciones

No has tomado esta prueba